000 00426nam a22001457a 4500
003 DO-SdBNP
005 20171201094645.0
008 171201b 1983uu||||| |||| 00| 0 spa d
040 _aBPMSU
_bspa
_cBPMSU
245 _aLa magia de la ópera /
_cKarl Schumann ... [et al.]
260 _a[Alleur, Bélgica] :
_bPhilips Classics,
_c1983
300 _a252 p. :
_bil.
_c13 cm.
942 _2ddc
_cBK
945 _aInventariado, 2017/MFF
999 _c13229
_d13229